Bolivia y la Integración Andina

Guardat en:
Dades bibliogràfiques
Autor principal: Camacho Omiste, Edgar
Format: Desconegut
Publicat: Cochabanba: Los Amigos de Libro
Edició:2
Etiquetes: Afegir etiqueta
Sense etiquetes, Sigues el primer a etiquetar aquest registre!

MARC

LEADER 00000 a2200000 04500
001 25327
003
008 991231s d
040
090 |a 181100  
100 |a Camacho Omiste, Edgar  
245 |a Bolivia y la Integración Andina  
250 |a 2  
260 |a Cochabanba:   |b Los Amigos de Libro  
999 |c 13116  |d 13116